| 000 | 00558nam a2200169Ia 4500 | ||
|---|---|---|---|
| 999 |
_c21512 _d21512 |
||
| 003 | OSt | ||
| 005 | 20200618145139.0 | ||
| 008 | 190216s9999||||xx |||||||||||||| ||und|| | ||
| 020 | _a9780198060185 | ||
| 040 | _coclc | ||
| 082 |
_a954 _bCHA/O |
||
| 100 |
_aChattopadhyaya, Brajadulal _93046 |
||
| 245 | 4 |
_aThe Oxford India Kosambi : _bCombined Methods In Indology And Other Writings / _cBrajadulal Chattopadhyaya |
|
| 260 |
_bOxford University Press, _c2011. _aNew Delhi: |
||
| 300 | _a867p | ||
| 942 |
_cBK _2ddc _h954 _iCHA/O _k954 _mCHA/O |
||